Normal view MARC view
  • Derechos de las mujeres

Entry Materia

Number of records used in: 35

001 - NÚMERO DE CONTROL DEL REGISTRO

  • campo de control: 4982

003 - IDENTIFICADOR DE NUMERO DE CONTROL

  • campo de control: MX-MxUPN

005 - FECHA Y HORA DE LA ÚLTIMA TRANSACCIÓN

  • campo de control: 20230215120150.0

008 - DATOS DE LONGITUD FIJA

  • campo de control de longitud fija: 220524n||acnnn|abn | ana |d

035 ## - NÚMERO DE CONTROL DEL SISTEMA

  • Número de control del sistema: UPN10000004982

040 ## - FUENTE DE LA CATALOGACIÓN

  • Centro catalogador de origen: MX-MxUPN
  • Lengua de catalogación: spa
  • Agencia de transcripción: MX-MxUPN

046 ## - FECHAS CON CODIFICACIÓN ESPECIAL

  • Fecha final para contenidos agregados: 0

150 ## - ENCABEZAMIENTO - TEMÁTICO

  • Término de materia o nombre geográfico como elemento inicial: Derechos de las mujeres
  • Subdivisión geográfica: México

450 ## - VÉASE - MATERIA

  • Encabezamiento temático: Mujeres
  • Subdivisión temática general: Derechos civiles

670 ## - FUENTE EN LA QUE SE LOCALIZARON DATOS

  • Cita de la fuente: DGB UNAM, Catálogo de autoridades, 14 mayo 2022:
  • Información localizada: (Derechos de las mujeres -- México)

902 ## - CATALOGADOR

  • Catalogador: BDV/220906